Most Expensive Footballers Per Country: Europe Part 2 - Statistics

General Stats
  • This quiz has been taken 115 times
  • The average score is 20 of 30
Answer Stats
Country Season From To Player Transfer Fee % Correct
Croatia 2012/13 Tottenham Hotspur Real Madrid Luka Modric € 30.000.000,00
98%
England 2015/16 Liverpool Manchester City Raheem Sterling € 62.500.000,00
94%
England 2003/04 Manchester United Real Madrid David Beckham € 37.500.000,00
92%
The Netherlands 2012/13 Arsenal Manchester United Robin van Persie € 30.700.000,00
88%
Italy 2001/02 Parma Juventus Gianluigi Buffon € 52.880.000,00
85%
The Netherlands 2007/08 Chelsea Real Madrid Arjen Robben € 36.000.000,00
83%
England 2016/17 Everton Manchester City John Stones € 55.600.000,00
80%
Croatia 2014/15 Bayern Munich Atlético Madrid Mario Mandzukic € 22.000.000,00
79%
The Netherlands 2015/16 PSV Manchester United Memphis Depay € 34.000.000,00
79%
Ireland 2008/09 Tottenham Hotspur Liverpool Robbie Keane € 24.000.000,00
76%
Croatia 2014/15 Southampton Liverpool Dejan Lovren € 25.300.000,00
74%
Croatia 2015/16 Internazionale Real Madrid Mateo Kovacic € 31.000.000,00
74%
Iceland 2014/15 Tottenham Hotspur Swansea City Gylfi Sigurdsson € 10.100.000,00
73%
England 2010/11 Newcastle United Liverpool Andy Carroll € 41.000.000,00
72%
England 2002/03 Leeds United Manchester United Rio Ferdinand € 46.000.000,00
72%
Poland 2016/17 AFC Ajax SSC Napoli Arkadiusz Milik € 32.000.000,00
67%
The Netherlands 2001/02 PSV Manchester United Ruud van Nistelrooy € 28.500.000,00
67%
Italy 2010/11 Internazionale Manchester City Mario Balotelli € 29.500.000,00
66%
Poland 2016/17 Torino AS Monaco Kamil Glik € 11.000.000,00
65%
Iceland 2006/07 Chelsea FC Barcelona Eidur Gudjohnsen € 12.000.000,00
64%
The Netherlands 2000/01 Arsenal FC Barcelona Marc Overmars € 40.000.000,00
62%
Poland 2016/17 Sevilla PSG Grzegorz Krychowiak € 33.600.000,00
61%
Poland 2016/17 Udinese SSC Napoli Piotr Zielinski € 14.000.000,00
54%
Ireland 2003/04 Blackburn Chelsea Damien Duff € 24.500.000,00
49%
Croatia 2016/17 Dinamo Zagreb Juventus Marko Pjaca € 23.000.000,00
49%
Italy 2001/02 Juventus AC Milan Filippo Inzaghi € 37.000.000,00
48%
Poland 2001/02 Feyenoord Liverpool Jerzy Dudek € 7.400.000,00
46%
Italy 1999/00 Lazio Roma Internazionale Christian Vieri € 45.000.000,00
43%
Italy 2002/03 Lazio Roma AC Milan Alessandro Nesta € 30.500.000,00
42%
Iceland 2014/15 SC Heerenveen Real Sociedad Alfred Finnbogason € 8.000.000,00
28%
No matching quizzes found
Score Distribution
Percent of People with Each Score
Percentile by Number Answered
Your Score History
You have not taken this quiz